000 00745cam a22002171 4500
001 5851491
005 20180306083359.0
008 790105s1896 enkaf 000 0 eng
010 _a 01017748
035 _a(OCoLC)4521337
040 _aDLC
_cMChB
_dDLC
041 _aeng
042 _apremarc
080 _a7 WAL
082 _a7 WAL
100 1 _a44
101 _aART
245 1 0 _aBilliards,
_cby Major W. Broadfoot, R.E.; with contributions by A. H. Boyd, Sydenham Dixon, W. J. Ford, Dudley D. Pontifex, Russell D. Walker, & Reginald H. R. Rimington-Wilson. Illustrated by Lucien Davies, R.I. and from photographs, also by numerous diagrams and figures.
906 _a7
_bcbc
_coclcrpl
_du
_encip
_f19
_gy-gencatlg
942 _2ddc
_cBK
999 _c44213
_d44213